000 00557nam a2200181Ia 4500
008 090124s9999 xx 000 0 und d
082 _b19072
100 _aखांडेकर वि. स.
245 _a दोन ध्रुव
250 _a2
260 _bदामोदर शिवराम आणि कंपनी
_c1936
300 _a263
600 _aखांडेकर वि. स.
630 _a दोन ध्रुव
700 _aखांडेकर वि. स.
730 _a दोन ध्रुव
942 _cBOOK
999 _c89929
_d89929